000 00774nam a2200181 a 4500
003 0
005 20250523140853.0
008 021022s19uu xx 00 eng d
050 _aPHS HE 336.P6
_b.U43 2002
100 _aUmali, Jose Vicente D.
245 _aPerceptions of selected first year college students of De La Salle University on efficiency between driving a car and by means of public transportation /
_cJose Vicente D. Umali.
260 _aLas PiƱas City, Philippines :
_bSouthville International School and Colleges,
_c2002.
300 _aunnumbered pages ;
_c28 cm.
504 _aIncludes bibliographical references.
650 _aTransportation
_zPhilippines
_xPublic opinion.
650 _aAutomobile driving
_zPhilippines
_xPublic opinion.
942 _2lcc
_cPASS
999 _c96746
_d96746